| 000 | 00882nam a22002415i 4500 | ||
|---|---|---|---|
| 001 | 163635 | ||
| 003 | ES-MaACL | ||
| 005 | 20250805062614.0 | ||
| 008 | 990701s1893 fr |||| | fre d | ||
| 040 |
_aGA _bspa _cCCPB | 3D |
||
| 080 | _a316 | ||
| 100 | 1 |
_aRoberty, Eugène de. _997861 |
|
| 245 | 1 | 3 |
_aLa sociologie _b: essai de philosophie sociologique / _cpar E. de Roberty. |
| 250 | _a3ème éd. | ||
| 260 |
_aParís : _bFélix Alcan, _c1893 ( _eCoulommiers : _fImp. Paul Brodard) |
||
| 300 |
_aVIII, 232, 32 p. ; _c22 cm. |
||
| 490 | 1 |
_aBibliothèque scientifique internationale ; _v37 |
|
| 597 | _aLa última secuencia de pag. corresponde a propaganda editorial. | ||
| 650 | 7 |
_aSociología _2embne _917195 |
|
| 830 | 0 |
_aBibliothèque scientifique internationale ; _v37 _9186949 |
|
| 852 |
_aES-MaACL _jF-14367 _z-- Enc. editorial en tela |
||
| 999 |
_c163635 _d163635 |
||